[Event "CHN-ch Open 2019"]
[Site "Xinghua"]
[Date "2019.05.14"]
[Round "4.5"]
[White "Li, Shilong"]
[Black "Zhao, Yuanhe"]
[Result "1/2-1/2"]
[WhiteElo "2507"]
[BlackElo "2437"]
[Annotator "TA"]
[PlyCount "58"]
[EventDate "2019.05.11"]
[EventType "tourn"]
[EventCountry "CHN"]
[SourceTitle "playchess.com"]
[Source "ChessBase"]
[SourceQuality "1"]

{[%evp 20,58,0,0,39,6,16,0,0,0,0,0,0,0,0,0,6,0,0,0,0,0,0,0,0,0,0,0,0,0,0,0,0,0,0,0,0,0,0,0,0]} 1. Nf3 Nf6 2. c4 c6 3. Nc3 d5 4. e3 e6 5. Qc2 Nbd7 6. b3 Bd6 7. Bb2 O-O 8. Be2 Re8 9. O-O b6 10. d4 Bb7 11. Rad1 c5 {D45: Semi-Slav: 5 e3} (11... Qc7 12. e4 Nxe4 13. Nxe4 dxe4 14. Qxe4 c5 15. Qh4 Rad8 16. Rfe1 Be7 17. Qh3 Bf6 18. Bd3 h6 19. Be4 Bxe4 20. Rxe4 cxd4 21. Bxd4 {½-½ (45) Le,Q (2737)-Ding,L (2777) Huaian 2017}) 12. cxd5 exd5 {The position is equal.} 13. Bb5 $146 ({Predecessor:} 13. Rfe1 Rc8 14. Qb1 a6 15. Bf1 b5 16. dxc5 Nxc5 17. h3 Ne6 18. Rc1 Bb4 19. a3 Bf8 20. Red1 Qb6 21. Qf5 h6 22. Qb1 {½-½ (22) Lemos,D (2511)-Conquest,S (2549) Porto Mannu 2009}) 13... Qe7 14. Qf5 Red8 15. Ne2 Ne4 16. dxc5 bxc5 17. Ng3 Ndf6 18. Nxe4 Nxe4 19. Qg4 {[%csl Gb2][%cal Rg4g7] [#]} g6 20. Nd2 Nxd2 21. Rxd2 h5 22. Qa4 d4 23. Re2 $1 Bxh2+ 24. Kxh2 {[#] Black must now prevent f3.} Qh4+ 25. Kg1 {aiming for f3.} Bxg2 26. Kxg2 Qg4+ 27. Kh2 Qh4+ 28. Kg2 Qg4+ 29. Kh2 Qh4+ {Accuracy: White = 71%, Black = 89%.} 1/2-1/2

[Event "CHN-ch Open 2019"]
[Site "Xinghua"]
[Date "2019.05.14"]
[Round "4.6"]
[White "Lu, Shanglei"]
[Black "Wen, Yang"]
[Result "1-0"]
[WhiteElo "2606"]
[BlackElo "2602"]
[Annotator "TA"]
[PlyCount "81"]
[EventDate "2019.05.11"]
[EventType "tourn"]
[EventCountry "CHN"]
[SourceTitle "playchess.com"]
[Source "ChessBase"]
[SourceQuality "1"]

{[%evp 14,81,42,28,36,35,35,35,30,29,17,26,35,10,10,0,6,17,15,7,24,7,15,17,15,15,13,10,21,13,16,17,6,20,14,14,14,7,17,10,20,17,4,5,16,17,20,11,70,56,57,64,68,68,79,73,78,77,210,145,441,427,665,658,658,646,1205,1154,1103,1103]} 1. e4 e5 2. Nf3 Nc6 3. Bc4 Nf6 4. Ng5 d5 5. exd5 Na5 6. Bb5+ c6 7. dxc6 bxc6 8. Bd3 Nd5 {C58: Two Knights: 4 Ng5 d5 5 exd5 Na5 sidelines} 9. Nf3 Bd6 10. O-O Nf4 {White is slightly better.} (10... O-O 11. Re1 f5 12. b4 Nxb4 13. Nxe5 Bxe5 14. Rxe5 Nxd3 15. cxd3 Qd4 16. Rxa5 Qxa1 {½-½ (31) Vovk,A (2616)-Demchenko,A (2661) Fagernes 2019}) 11. Re1 Nxd3 12. cxd3 O-O 13. Nc3 c5 14. b3 f6 15. Ba3 Nb7 16. Rc1 $146 ({Predecessor:} 16. Ne4) 16... Qa5 17. Na4 Bd7 18. Rc4 Rac8 19. Qc2 Rfd8 20. Rc1 {[%cal Ra4c5]} Bb5 21. Rc3 {[%cal Ra3c5]} c4 22. Bxd6 {[#] And now Ba3 would win.} cxd3 23. Rxc8 dxc2 24. Bc7 Rxc8 25. Bxa5 Nxa5 26. Nc3 Bd3 27. Ne1 $36 {[%mdl 2048] White is more active.} Bg6 $1 28. Nxc2 Rd8 29. Nb4 Rxd2 30. Ncd5 Be4 ({Black should try} 30... Kf8 $11) 31. Rc8+ $14 Kf7 {[%cal Rd2d1]} 32. Rc7+ Ke6 {[%cal Rd2d1]} 33. Nc3 Rd4 34. Na6 {aiming for Nc5+.} Bd3 35. Rxa7 Kd6 (35... Nc6 $16 36. Ra8 Kd6) 36. Nb8 Kc5 $2 {[%mdl 8192]} (36... Nc6 $16 {was called for.} 37. Nxc6 Kxc6 38. Rxg7 Bg6) 37. Rxa5+ $18 {White is clearly winning.} Kb4 (37... Kb6 $142 38. b4 Rxb4 39. Nd5+ Kxa5 40. Nc6+ {[%mdl 64] Double Attack} Kb5 41. Ncxb4 Bg6) 38. Nc6+ {[%mdl 64] [#] Double Attack} Kxc3 39. Rc5+ Kd2 40. Nxd4 exd4 41. b4 {Accuracy: White = 84%, Black = 61%.} 1-0

[Event "CHN-ch Open 2019"]
[Site "Xinghua"]
[Date "2019.05.15"]
[Round "5.1"]
[White "Wen, Yang"]
[Black "Zhao, Jun"]
[Result "1/2-1/2"]
[WhiteElo "2602"]
[BlackElo "2621"]
[Annotator "TA"]
[PlyCount "26"]
[EventDate "2019.05.11"]
[EventType "tourn"]
[EventCountry "CHN"]
[SourceTitle "playchess.com"]
[Source "ChessBase"]
[SourceQuality "1"]

{[%evp 24,26,0,0,0]} 1. e4 e5 2. Nf3 Nc6 3. Bb5 a6 4. Bxc6 dxc6 5. O-O Bg4 6. h3 h5 7. c3 Qd3 8. hxg4 hxg4 9. Nxe5 Bd6 10. Nxd3 Bh2+ 11. Kh1 Bd6+ 12. Kg1 Bh2+ 13. Kh1 {[#]} Bd6+ $146 {C68: Ruy Lopez: Exchange Variation, sidelines} ({Predecessor:} 13... Be5+ 14. Kg1 {½-½ (16) Mamedov,R (2650)-Mamedyarov,S (2747) Huaian 2016}) 1/2-1/2

[Event "CHN-ch Open 2019"]
[Site "Xinghua"]
[Date "2019.05.15"]
[Round "5.2"]
[White "Zhao, Yuanhe"]
[Black "Lu, Shanglei"]
[Result "0-1"]
[WhiteElo "2437"]
[BlackElo "2606"]
[Annotator "RC"]
[PlyCount "102"]
[EventDate "2019.05.11"]
[EventType "tourn"]
[EventCountry "CHN"]
[SourceTitle "playchess.com"]
[Source "ChessBase"]
[SourceQuality "1"]
[TimeControl "5400+30"]

1. Nf3 {[%emt 0:00:00]} Nf6 {[%emt 0:00:00]} 2. g3 {[%emt 0:00:00]} b5 {[%emt 0:00:00]} 3. Bg2 {[%emt 0:01:08]} Bb7 {[%emt 0:00:09]} 4. O-O {[%emt 0:00:29]} g6 {[%emt 0:00:03]} 5. b3 {[%emt 0:03:20]} Bg7 {[%emt 0:01:38]} 6. Bb2 {[%emt 0:00:05]} c5 {[%emt 0:00:20]} 7. c4 {[%emt 0:01:16]} Qb6 {[%emt 0:03:47]} 8. Nc3 {[%emt 0:07:18]} bxc4 {[%emt 0:05:26]} 9. bxc4 {[%emt 0:00:40]} O-O {[%emt 0:00:32]} 10. Rb1 {[%emt 0:13:06]} Qa6 {[%emt 0:03:53]} 11. Ba3 {[%emt 0:15:11]} d6 {[%emt 0:06:05]} 12. Rxb7 {[%emt 0:15:43]} Qxb7 {[%emt 0:00:17]} 13. Ne5 {[%emt 0:00:05]} Qa6 {[%emt 0:00:44]} 14. Qc1 {[%emt 0:03:06]} dxe5 {[%emt 0:05:16]} 15. Bxa8 {[%emt 0:00:08]} Qxc4 {[%emt 0:04:30]} 16. Bf3 {[%emt 0:04:36]} Nbd7 {[%emt 0:04:00]} 17. Qc2 {[%emt 0:04:51]} Rb8 {[%emt 0:02:39]} 18. Rc1 {[%emt 0:03:07]} e6 {[%emt 0:03:28]} 19. Qa4 {[%emt 0:06:46]} Qxa4 {[%emt 0:04:30]} 20. Nxa4 {[%emt 0:00:06]} Bf8 {[%emt 0:00:23]} 21. d3 {[%emt 0:02:53]} Rb5 {[%emt 0:03:02]} 22. Nc3 {[%emt 0:05:06]} Ra5 {[%emt 0:01:34]} 23. Bb2 {[%emt 0:00:04]} Nb6 {[%emt 0:00:26]} 24. g4 {[%emt 0:04:20]} Bd6 {[%emt 0:07:00]} 25. g5 {[%emt 0:00:51]} Nfd5 {[%emt 0:00:57]} 26. Ne4 {[%emt 0:01:58]} Rxa2 {[%emt 0:00:10]} 27. Ba1 {[%emt 0:00:50]} Bc7 {[%emt 0:08:21]} 28. Nxc5 {[%emt 0:00:07]} Kf8 {[%emt 0:02:21]} 29. e3 {[%emt 0:03:40]} Ke7 {[%emt 0:18:06]} 30. Ne4 {[%emt 0:00:30]} Nd7 {[%emt 0:01:21]} 31. h4 {[%emt 0:03:19]} a5 {[%emt 0:01:24]} 32. d4 {[%emt 0:00:42]} Bb6 {[%emt 0:03:12]} 33. dxe5 {[%emt 0:00:36]} Nxe3 {[%emt 0:00:10]} 34. Nf6 {[%emt 0:00:27]} Nf5 {[%emt 0:00:48]} 35. Rd1 {[%emt 0:00:34]} Nb8 {[%emt 0:03:11]} 36. Rb1 {[%emt 0:00:05]} Bxf2+ {[%emt 0:01:56]} 37. Kh1 {[%emt 0:00:05]} Bc5 {[%emt 0:00:09]} 38. Rb7+ {[%emt 0:00:30]} Kd8 {[%emt 0:00:03]} 39. Rxb8+ {[%emt 0:00:06]} Kc7 {[%emt 0:00:06]} 40. Rb7+ {[%emt 0:00:04]} Kc8 {[%emt 0:00:01]} 41. Bb2 {[%emt 0:00:06]} a4 {[%emt 0:00:45]} 42. Ne4 {[%emt 0:02:32]} a3 {[%emt 0:08:17]} 43. Bxa3 {[%emt 0:00:30]} Rxa3 {[%emt 0:00:00]} 44. Nxc5 {[%emt 0:00:29]} Rxf3 {[%emt 0:00:00]} 45. Ra7 {[%emt 0:00:20]} Rf4 {[%emt 0:00:00]} 46. Kg1 {[%emt 0:00:33]} Nxh4 {[%emt 0:00:00]} 47. Kh2 {[%emt 0:00:31]} Nf3+ {[%emt 0:00:00]} 48. Kg3 {[%emt 0:00:06]} Rf5 {[%emt 0:00:00]} 49. Ne4 {[%emt 0:00:50]} Kb8 {[%emt 0:00:00]} 50. Re7 {[%emt 0:00:28]} Nxg5 {[%emt 0:00:00]} 51. Nf6 {[%emt 0:00:11]} Kc8 {[%emt 0:00:00]} 0-1

[Event "CHN-ch Open 2019"]
[Site "Xinghua"]
[Date "2019.05.15"]
[Round "5.3"]
[White "Liu, Yan"]
[Black "Li, Shilong"]
[Result "1-0"]
[WhiteElo "2502"]
[BlackElo "2507"]
[Annotator "TA"]
[PlyCount "75"]
[EventDate "2019.05.11"]
[EventType "tourn"]
[EventCountry "CHN"]
[SourceTitle "playchess.com"]
[Source "ChessBase"]
[SourceQuality "1"]

{[%evp 27,75,19,26,25,44,29,24,41,29,35,63,64,66,48,54,43,81,57,80,50,73,40,35,46,83,64,184,199,158,64,66,81,434,387,386,411,399,415,419,412,384,381,29985,29986,29986,29987,29987,29988,29988,29990]} 1. Nf3 d6 2. d4 g6 3. g3 Bg7 4. Bg2 f5 5. O-O Nf6 6. c4 O-O 7. Nc3 Qe8 8. d5 Na6 9. Nd4 Nc5 10. Ncb5 Na6 11. b3 Bd7 12. Bb2 c6 13. Nc3 Nc7 14. Rb1 c5 15. Nc2 {A87: Dutch Defence: Leningrad System: 5 Nf3} (15. Nf3 b5 16. cxb5 Nxb5 17. Nxb5 Bxb5 18. Ng5 Bd7 19. Bc3 h6 20. Ne6 Bxe6 21. dxe6 Rb8 22. Bxf6 {½-½ (20) Fridman,R (2507)-Jakubiec,A (2528) Germany 2012}) 15... b5 16. cxb5 Nxb5 17. Nxb5 {White has an edge.} Bxb5 18. b4 Rc8 19. bxc5 dxc5 20. Re1 $146 ({Predecessor:} 20. Ne3 Qd7 21. Be5 Ne8 22. f4 Nd6 {1-0 (38) Krzywda,A (2153)-Krasiewicz,R (2033) Lazy 2012}) 20... Qd7 21. Ne3 Ne8 22. Bxg7 Kxg7 23. Qb3 Nd6 24. Bf3 Kg8 25. h4 h6 26. Ng2 Kh7 (26... g5 $14) 27. Nf4 $18 Rf6 28. e4 (28. Qc3 $16) 28... fxe4 $14 29. Bxe4 Kg7 $2 {[%mdl 8192]} (29... Rxf4 $16 30. gxf4 Bc4) 30. Ne6+ Kf7 31. Qe3 Nxe4 32. Qxe4 {[#] Rxb5! is the strong threat.} Bc6 33. Nf4 ({Weaker is} 33. dxc6 Qxe6 34. Qc2 Qxc6 $14) 33... Ba8 34. h5 gxh5 $2 (34... Kg8 $18 35. hxg6 (35. Qxe7 Qxe7 36. Rxe7 gxh5 $18) 35... Qd6) 35. Qh7+ {White mates.} Ke8 36. Qg8+ Rf8 37. Qg6+ {[%mdl 64] [#] Double Attack} Rf7 38. d6 {Accuracy: White = 70%, Black = 35%.} 1-0

[Event "CHN-ch Open 2019"]
[Site "Xinghua"]
[Date "2019.05.15"]
[Round "5.4"]
[White "Bai, Jinshi"]
[Black "Xu, Yi"]
[Result "1-0"]
[WhiteElo "2605"]
[BlackElo "2546"]
[Annotator "RC"]
[PlyCount "81"]
[EventDate "2019.05.11"]
[EventType "tourn"]
[EventCountry "CHN"]
[SourceTitle "playchess.com"]
[Source "ChessBase"]
[SourceQuality "1"]
[TimeControl "5400+30"]

1. d4 {[%emt 0:00:00]} Nf6 {[%emt 0:00:00]} 2. c4 {[%emt 0:00:00]} e6 {[%emt 0:00:00]} 3. Nf3 {[%emt 0:00:00]} d5 {[%emt 0:00:00]} 4. Nc3 {[%emt 0:00:11]} Bb4 {[%emt 0:00:00]} 5. Qa4+ {[%emt 0:00:17]} Nc6 {[%emt 0:00:00]} 6. e3 {[%emt 0:00:06]} O-O {[%emt 0:00:07]} 7. Qc2 {[%emt 0:00:14]} dxc4 {[%emt 0:02:00]} 8. Bxc4 {[%emt 0:00:06]} Bd6 {[%emt 0:00:21]} 9. O-O {[%emt 0:00:40]} e5 {[%emt 0:03:13]} 10. h3 {[%emt 1:33:26]} a6 {[%emt 0:03:14]} 11. a3 {[%emt 0:00:00]} b5 {[%emt 1:26:35]} 12. Ba2 {[%emt 0:00:00]} Bb7 {[%emt 0:00:00]} 13. d5 {[%emt 0:01:30]} Ne7 {[%emt 0:00:00]} 14. e4 {[%emt 0:00:30]} Rc8 {[%emt 0:00:00]} 15. Rd1 {[%emt 0:00:00]} h6 {[%emt 0:02:00]} 16. Be3 {[%emt 0:00:00]} Ng6 {[%emt 0:00:00]} 17. Qe2 {[%emt 0:00:00]} Qe7 {[%emt 0:01:00]} 18. g3 {[%emt 0:00:00]} c5 {[%emt 0:00:00]} 19. dxc6 {[%emt 0:00:00]} Bxc6 {[%emt 0:00:00]} 20. Nd5 {[%emt 0:00:00]} Bxd5 {[%emt 0:00:00]} 21. Bxd5 {[%emt 0:00:00]} Bc5 {[%emt 0:02:00]} 22. Rac1 {[%emt 0:00:00]} Bxe3 {[%emt 0:00:00]} 23. Qxe3 {[%emt 0:04:30]} Nxd5 {[%emt 0:00:00]} 24. Rxd5 {[%emt 0:00:00]} Qe6 {[%emt 0:00:00]} 25. Rxc8 {[%emt 0:00:00]} Rxc8 {[%emt 0:00:00]} 26. Kg2 {[%emt 0:00:00]} Kh7 {[%emt 0:00:00]} 27. Qa7 {[%emt 0:00:00]} Rc1 {[%emt 0:00:00]} 28. Qd7 {[%emt 0:00:00]} Qxd7 {[%emt 0:00:00]} 29. Rxd7 {[%emt 0:00:00]} Rc2 {[%emt 0:00:43]} 30. Rxf7 {[%emt 0:00:00]} Rxb2 {[%emt 0:00:03]} 31. h4 {[%emt 0:00:00]} Rb3 {[%emt 0:01:24]} 32. h5 {[%emt 0:00:00]} Nh8 {[%emt 0:00:02]} 33. Ra7 {[%emt 0:01:23]} Rxa3 {[%emt 0:00:06]} 34. Nh4 {[%emt 0:00:57]} Kg8 {[%emt 0:00:28]} 35. Ra8+ {[%emt 0:00:04]} Kh7 {[%emt 0:00:01]} 36. Ra7 {[%emt 0:00:56]} Kg8 {[%emt 0:00:02]} 37. Nf5 {[%emt 0:00:47]} Nf7 {[%emt 0:01:39]} 38. Ne7+ {[%emt 0:00:53]} Kh7 {[%emt 0:00:08]} 39. Ng6 {[%emt 0:00:45]} Nh8 {[%emt 0:00:08]} 40. Nf8+ {[%emt 0:00:24]} Kg8 {[%emt 0:00:10]} 41. Ne6 {[%emt 0:02:51]} 1-0

[Event "CHN-ch Open 2019"]
[Site "Xinghua"]
[Date "2019.05.15"]
[Round "5.5"]
[White "Xu, Yinglun"]
[Black "Xu, Xiangyu"]
[Result "1/2-1/2"]
[WhiteElo "2528"]
[BlackElo "2583"]
[Annotator "TA"]
[PlyCount "68"]
[EventDate "2019.05.11"]
[EventType "tourn"]
[EventCountry "CHN"]
[SourceTitle "playchess.com"]
[Source "ChessBase"]
[SourceQuality "1"]

{[%evp 15,68,10,10,14,10,3,3,12,23,14,18,17,19,14,14,13,12,11,13,12,15,14,21,6,6,6,7,3,5,0,0,0,0,0,0,0,0,0,0,0,0,0,0,0,0,0,0,0,0,0,0,0,0,0,0]} 1. d4 d5 2. c4 dxc4 3. Nf3 a6 4. e3 b5 5. a4 Bb7 6. axb5 axb5 7. Rxa8 Bxa8 8. b3 e6 9. bxc4 {D22: Queen's Gambit Accepted: 3 Nf3 a6 4 e3} bxc4 10. Bxc4 Nf6 11. O-O Nbd7 12. Nc3 Bd6 {The position is equal.} 13. d5 exd5 14. Nxd5 O-O 15. Bb2 {[#]} Bxd5 $146 ({Predecessor:} 15... Nxd5 16. Bxd5 Bxd5 {½-½ (31) Gajewski,G (2571)-Socko,B (2637) Lublin 2009}) 16. Bxd5 Nxd5 17. Qxd5 Nc5 {[#] And now ...Bxh2+! would win.} 18. Be5 Qa8 19. Qxa8 (19. Qd4 {with more complications.} Rd8 20. Ra1 Qb8 21. Qh4 Ne6 22. Bxd6 Rxd6 23. Qe4) 19... Rxa8 20. Bxd6 cxd6 $11 {[%mdl 4096] Endgame KRN-KRN} 21. Rd1 Kf8 22. g4 Ra2 23. Rd2 Rxd2 24. Nxd2 {KN-KN} Ke7 25. Kg2 Ke6 26. Kf3 d5 27. h4 h6 28. Kf4 Kf6 29. Nf3 Ne4 {[#] White must now prevent ...g5+.} 30. g5+ hxg5+ 31. hxg5+ Kg6 32. Ne5+ Kh5 33. Nxf7 Nxf2 34. Ke5 Kg6 {Accuracy: White = 69%, Black = 95%.} 1/2-1/2

[Event "CHN-ch Open 2019"]
[Site "Xinghua"]
[Date "2019.05.15"]
[Round "5.6"]
[White "Xu, Jun"]
[Black "Peng, Xiongjian"]
[Result "1/2-1/2"]
[WhiteElo "2487"]
[BlackElo "2451"]
[Annotator "TA"]
[PlyCount "102"]
[EventDate "2019.05.11"]
[EventType "tourn"]
[EventCountry "CHN"]
[SourceTitle "playchess.com"]
[Source "ChessBase"]
[SourceQuality "1"]

{[%evp 18,102,29,28,43,47,51,40,38,19,16,12,18,15,3,-21,-2,-22,-18,-10,5,8,13,0,5,-8,0,0,0,0,0,0,0,0,0,0,0,0,0,0,0,0,0,0,0,0,0,0,0,0,0,0,0,0,0,0,0,0,0,0,0,0,0,0,0,0,0,0,0,0,0,0,0,0,0,0,0,0,0,0,0,0,0,0,0,0,0]} 1. d4 d5 2. c4 e6 3. Nf3 a6 4. Bg5 Nf6 5. e3 Be7 6. Nc3 Nbd7 7. Qc2 O-O 8. c5 h6 9. Bf4 c6 10. Bd3 Re8 {D61: Queen's Gambit Declined: Classical: 7 Qc2} 11. O-O $146 ({Predecessor:} 11. h3 b6 12. b4 bxc5 13. bxc5 a5 14. O-O Ba6 15. Bxa6 Rxa6 16. Rab1 Qa8 17. Na4 Bd8 18. Rb2 {1-0 (37) Sargsyan,A (2331)-Asadi,M (2135) Batumi 2018}) 11... Bxc5 12. dxc5 e5 $1 {[%cal Re5f4] White is slightly better.} 13. Nxe5 Nxe5 {The position is equal.} 14. Na4 Nxd3 15. Qxd3 g5 16. Bg3 {[#] aiming for Nb6.} Ne4 17. f3 Nxg3 18. hxg3 Qf6 19. g4 Be6 20. Rad1 Re7 21. Qd4 Qg7 22. Nc3 f5 23. gxf5 Bxf5 24. e4 dxe4 25. Nxe4 Bxe4 26. fxe4 Qxd4+ 27. Rxd4 $11 {[%mdl 4096] Endgame KRR-KRR} Rae8 28. Rf6 Rxe4 29. Rdd6 R8e7 30. Rxh6 Rc4 31. Rhg6+ Rg7 32. Rxg7+ Kxg7 {KR-KR} 33. Rd7+ Kf6 34. Rxb7 Rxc5 35. b4 Rc2 36. a4 Ke5 37. Ra7 Kf4 38. Kh2 g4 39. Rf7+ (39. Rxa6 $2 {gets mated.} g3+ 40. Kh3 Rc1 41. Kh4 Rh1#) 39... Ke3 40. Kg3 Rc4 41. Rb7 Kd3 42. Rb6 Kc3 43. b5 axb5 $1 44. axb5 c5 $1 45. Rb8 Kb4 46. b6 Kb5 47. b7 {[#] Ra8 would kill now.} Kb6 48. Rg8 Kxb7 49. Rxg4 Rc1 50. Kf2 Kc6 51. Ke2 Kb5 {Accuracy: White = 81%, Black = 80%.} 1/2-1/2

[Event "CHN-ch Open 2019"]
[Site "Xinghua"]
[Date "2019.05.16"]
[Round "6.1"]
[White "Zhao, Jun"]
[Black "Peng, Xiongjian"]
[Result "1/2-1/2"]
[WhiteElo "2621"]
[BlackElo "2451"]
[Annotator "TA"]
[PlyCount "184"]
[EventDate "2019.05.11"]
[EventType "tourn"]
[EventCountry "CHN"]
[SourceTitle "playchess.com"]
[Source "ChessBase"]
[SourceQuality "1"]

{[%evp 9,184,26,27,22,29,18,33,44,33,26,38,49,66,76,77,54,73,45,38,24,39,23,64,0,0,-20,-11,-35,-18,-35,-25,-65,17,13,28,26,30,15,5,8,52,38,54,46,91,85,74,67,130,127,147,146,176,168,156,174,135,137,203,190,241,250,245,241,232,180,465,391,388,327,854,820,843,847,786,-219,0,0,0,0,0,0,0,0,0,0,0,0,0,0,31,31,41,44,44,0,0,0,0,0,4,0,0,0,16,0,0,0,0,0,0,0,0,0,0,0,0,0,0,0,0,0,0,0,0,0,0,0,0,0,31,27,25,0,0,0,0,0,0,0,0,0,0,0,0,0,0,0,0,0,0,0,0,0,0,0,0,0,0,0,0,0,0,0,0,0,0,0,0,0,0,0,0,0,0,0,0]} 1. d4 d5 2. c4 e6 3. Nc3 a6 4. cxd5 exd5 5. Qb3 (5. Nf3 h6 6. Bf4 Nf6 7. e3 Bd6 8. Bxd6 Qxd6 9. Qc2 O-O 10. Bd3 Re8 11. h3 Be6 12. O-O Nbd7 13. a4 {½-½ (40) Shankland,S (2725)-Carlsen,M (2835) Wijk aan Zee 2019}) 5... Nf6 6. Bg5 {D31: Queen's Gambit Declined: Semi-Slav without ...Nf6 (+ Marshall Gambit and Noteboom) and Exchange Variation lines without ...Nf6} c6 7. e4 dxe4 8. Bc4 {White is slightly better.} Qe7 9. a4 $1 {[%mdl 1024] White has compensation.} Nbd7 $146 ({Predecessor:} 9... h6 10. Bxf6 gxf6 11. Nge2 f5 12. a5 Bg7 {½-½ (58) Dubov,D (2691)-Fedoseev,V (2707) Satka 2018}) 10. Nge2 h6 11. Bf4 g5 12. Bd2 $1 Rb8 13. Ng3 b5 $1 {[%cal Rb5c4]} 14. axb5 axb5 15. Be2 Nb6 16. O-O (16. h4 $14) 16... Bg7 $1 $11 17. Ncxe4 Nxe4 18. Nxe4 {Qg3 is the strong threat.} O-O (18... Bxd4 $6 19. Bc3 $11) 19. Bd3 Be6 20. Qc2 Bc4 (20... Bxd4 $15 21. Bc3 Bxc3 22. Qxc3 f5) 21. Ng3 Rfe8 22. Nf5 Qf6 23. h4 Bxd3 24. Qxd3 Nd5 25. hxg5 hxg5 26. Rfe1 Qg6 27. g4 Bf8 28. Qg3 Rbd8 ({Better is} 28... f6 $14) 29. Kg2 $16 Re6 30. Rh1 {Strongly threatening Rh5.} Re2 31. Qd3 $1 {[%cal Rd3e2]} Rde8 32. Rh2 $1 ({But not} 32. Qh3 $6 Bg7 $14) 32... Bg7 {[#]} 33. Rah1 $1 {aiming for Rh6!} R8e4 (33... Rxd2 $16 {was worth a try.} 34. Qxd2 Nf4+ 35. Kf1 Qe6) 34. Kf1 $40 {[%mdl 128] White attacks with force.} Qe6 {[#]} (34... Nf4 {keeps fighting.} 35. Bxf4 gxf4) 35. Qh3 $1 {[%cal Rh3h8] Intending Qh8+! and mate.} Qxf5 36. gxf5 Rxd2 37. Qa3 Rde2 $2 (37... Re8) 38. f3 Re1+ 39. Kg2 Nf4+ $2 (39... Ne3+ 40. Kf2 Ng4+ 41. Kg3 (41. fxg4 Bxd4+ 42. Kg3 R1e3+ 43. Qxe3 Rxe3+ 44. Kf2 Re4+ 45. Kg3 Re3+ 46. Kg2 c5 $11) 41... Nxh2 42. fxe4 (42. Rxh2 Rg1+ 43. Rg2 Rxg2+ 44. Kxg2 Rxd4 $16) 42... Rxh1) 40. Kg3 R1e3 41. Qd6 {White threatens Qd8+ and mate.} Re8 42. Rh8+ $2 (42. Rh7 $18 {Threatening mate with Rxg7+!} f6 43. Qxc6) 42... Bxh8 $11 {[#]} 43. Rxh8+ $1 {[%mdl 512]} Kxh8 44. Qh6+ Kg8 45. Qxg5+ {[%mdl 64] [#] Double Attack} Ng6 $1 {[%mdl 512]} 46. fxg6 {[%mdl 4096] Endgame Hoping for Qh5. KQ-KRR} R3e6 47. gxf7+ Kxf7 {Threatens to win with ...Rg6!} 48. Qf5+ Rf6 49. Qh7+ Ke6 50. Qc7 Kf5 51. Qd7+ Ree6 52. Qh7+ Rg6+ 53. Kf2 Kg5 54. Qf7 Rgf6 55. Qg7+ Rg6 56. Qf7 Rgf6 57. Qg8+ (57. Qd7 {seems wilder.} Rd6 58. Qg7+ Kh5 59. b4 Rg6 60. Qh8+) 57... Kh6 58. Qh8+ Kg6 59. Qg8+ Kh6 60. Qd8 Rd6 61. Qh8+ Kg6 62. Qg8+ Kh6 63. Ke3 Rde6+ 64. Kd2 Rd6 65. Qh8+ Kg6 66. Qg8+ Kh6 67. Qg4 c5 68. Qh4+ Kg6 69. Qe4+ Kh6 70. d5 {And now Qe3+ would win.} Rd8 71. Ke3 Rfd6 $1 {The position is equal.} 72. Qh4+ Kg6 73. Qg3+ Kf6 74. Qh4+ Kg6 75. Qe4+ Kf6 76. Qd3 b4 77. Ke4 {Black must now prevent Qc4.} Re8+ $1 78. Kf4 Re5 79. Qh7 Rexd5 80. Qh6+ Kf7 81. Qh7+ Kf6 82. Qh6+ Ke7 83. Qg7+ Ke6 84. Qc7 Rf5+ 85. Kg3 Rdd5 86. f4 Rd4 87. Qc8+ Kf6 88. Qf8+ Ke6 89. Qc8+ Kf6 90. Qf8+ Kg6 91. Qg8+ Kf6 92. Qf8+ Ke6 {Accuracy: White = 70%, Black = 63%.} 1/2-1/2

[Event "CHN-ch Open 2019"]
[Site "Xinghua"]
[Date "2019.05.16"]
[Round "6.2"]
[White "Xu, Xiangyu"]
[Black "Xu, Jun"]
[Result "1-0"]
[WhiteElo "2583"]
[BlackElo "2487"]
[Annotator "TA"]
[PlyCount "57"]
[EventDate "2019.05.11"]
[EventType "tourn"]
[EventCountry "CHN"]
[SourceTitle "playchess.com"]
[Source "ChessBase"]
[SourceQuality "1"]

{[%evp 12,57,33,35,31,37,40,42,43,18,34,32,39,35,51,47,72,68,91,66,72,66,61,60,65,65,59,65,63,36,66,66,66,66,85,81,79,79,65,75,82,60,414,420,596,588,658,706]} 1. e4 e5 2. Nf3 Nc6 3. d4 exd4 4. Nxd4 Bb4+ 5. c3 Bc5 6. Be3 Bb6 7. Nf5 Bxe3 {C45: Scotch Game} 8. Nxe3 Nf6 (8... d6 9. g3 Nge7 10. Bg2 O-O 11. O-O Kh8 12. Nd2 f5 13. f4 fxe4 14. Nxe4 Nf5 15. Re1 {1-0 (51) Matlakov,M (2700)-Postny,E (2615) St Petersburg 2018}) 9. f3 O-O {White is slightly better.} 10. Be2 d6 11. Qd2 Ne5 12. c4 b6 $146 ({Predecessor:} 12... Be6 13. Nc3 Kh8 14. f4 Neg4 15. Nc2 {0-1 (41) Jones,G (2554)-L'Ami,E (2593) London 2009}) 13. Nc3 Bb7 14. Nf5 Ng6 15. h4 Ne7 16. g4 Nxf5 17. gxf5 Qe7 18. O-O-O {[%cal Ba1d1,Bd1c1,Bc1c3,Bc3c2][%mdl 32]} Kh8 19. Rhg1 Rg8 20. Kb1 a6 21. Nd5 Bxd5 22. cxd5 ({Of course not} 22. exd5 Rae8 $15) 22... h6 23. Rc1 Ra7 24. Rc3 Nh5 25. Qc1 Kh7 26. Ka1 Qxh4 $2 {[%mdl 8192] [#]} (26... Qe5 $14) 27. Rh1 $1 $18 {[%cal Rh1h4]} Qf2 (27... Qf4 $142 28. Rxh5 Qxc1+ 29. Rxc1 g6) 28. Rxh5 Qxe2 {[#]} 29. Rc2 $1 {Accuracy: White = 75%, Black = 35%.} 1-0